Egyetemi kutatók és kéziszerszámgyáriak eredményes együttműködése

Elmentve itt :
Bibliográfiai részletek
Dokumentumtípus: Cikk
Megjelent: 1961-08-31
Sorozat:Délmagyarország
Kulcsszavak:Együttműködés tudományos-ipari Szeged 1961
Online Access:http://dmarchiv.bibl.u-szeged.hu/36290
LEADER 00466nab a2200145 i 4500
001 delm36290
005 20180927112827.0
008 180927s1961 hu o 0|| hun d
040 |a SZTE Délmagyarország Archívum  |b hun 
041 |a hun 
245 0 0 |a Egyetemi kutatók és kéziszerszámgyáriak eredményes együttműködése  |h [elektronikus dokumentum] 
260 |c 1961-08-31 
300 |a 3 
490 0 |a Délmagyarország 
695 |a Együttműködés tudományos-ipari Szeged 1961